General Geography Trivia - Statistics

General Stats
  • This quiz has been taken 74 times
  • The average score is 11 of 15
Answer Stats
Question Answer % Correct
Name a 4-letter country in South America. Peru
100%
In which country does the Amazon River mainly flow? Brazil
91%
Which of these is an island country in the Caribbean? Cuba
88%
Which country is contained entirely within another country? Lesotho
88%
In which country is Mount Everest? Nepal
88%
In which continent is Lake Victoria? Africa
84%
Which two countries are the closest together? Laos and Cambodia
84%
What are the four largest countries in the world in order from largest to smallest? Russia, Canada, China, USA
84%
Which of these U.S. states is in New England Vermont
73%
What is the largest of the Great Lakes? Superior
69%
Which of these borders the Indian Ocean AND the Caspian Sea? Iran
63%
What direction does the Nile River mainly flow? North
60%
What is the second largest rain forest in the world? The Congo
57%
Which state is a rectangle? Colorado
48%
Which river is the longest in the USA? Missouri
18%
No matching quizzes found
Score Distribution
Percent of People with Each Score
Percentile by Number Answered
Your Score History
You have not taken this quiz